Skladanie "mozaiky nezamestnanosti"

Dva z mnohých determinantov nezamestnanosti - veková a vzdelanostná štruktúra nezamestnaného obyvateľstva v SR. Absolventi stredných a vysokých škôl predstavujú najvyšší počet nezamestnaných práve v Bratislavskom kraji. Analýza potvrdila aj verejnosťou prezentovaný názor, že vo vekovej štruktúre nez...

Ausführliche Beschreibung

Gespeichert in:
Bibliographische Detailangaben
1. Verfasser: Stašáková, Stela
Weitere Verfasser: Belanová, Mária
Format: Buchkapitel
Sprache:Slowakisch
Schlagworte:
Tags: Tag hinzufügen
Keine Tags, Fügen Sie das erste Tag hinzu!

MARC

LEADER 00000nla$a2200000$$$4500
001 0078053
005 20220801085415.8
041 0 |a slo 
044 |a CZ 
245 1 0 |a Skladanie "mozaiky nezamestnanosti"  |c Stela Stašáková, Mária Belanová 
520 |a Dva z mnohých determinantov nezamestnanosti - veková a vzdelanostná štruktúra nezamestnaného obyvateľstva v SR. Absolventi stredných a vysokých škôl predstavujú najvyšší počet nezamestnaných práve v Bratislavskom kraji. Analýza potvrdila aj verejnosťou prezentovaný názor, že vo vekovej štruktúre nezamestnaných prevládajú mladí ľudia a osoby po päťdesiatom roku života. 
610 2 0 |a nezamestnanosť 
610 2 0 |a nezamestnaní 
610 2 0 |a vek 
610 2 0 |a vzdelanie 
610 2 0 |a absolventi 
610 2 0 |a Slovensko 
100 1 |a Stašáková, Stela 
700 1 |a Belanová, Mária